000 00496nam a2200181Ia 4500
005 20250326144123.0
008 250326s9999 xx 000 0 und d
037 _aTextbook
040 _aFMSL
_beng
_cFMSL
041 _aeng
_2eng
084 _aX:74.1 P8
_qFMSL
100 _aBhatia S K
245 0 _aBusiness ethics and global values
_cBhatia S K
260 _aNew Delhi
_bNew Delhi, Deep & Deep
_c2008
365 _b1800
942 _cTB
_hX:74.1 P8
999 _c1302438
_d1302438